Capitals by Flag: Oceania - Statistics

General Stats
  • This quiz has been taken 20 times
  • The average score is 11 of 14
Answer Stats
Picture Answer % Correct
Canberra
100%
Suva
100%
Wellington
100%
Apia
92%
Port Moresby
92%
Nuku'alofa
83%
Port Vila
83%
Funafuti
75%
South Tarawa
75%
Majuro
67%
Ngerulmud
67%
Yaren
67%
Palikir
58%
Honiara
50%
No matching quizzes found
Score Distribution
Percent of People with Each Score
Percentile by Number Answered
Your Score History
You have not taken this quiz